| 000 | 00587nam a2200241 a 4500 | ||
|---|---|---|---|
| 001 | nice12345678 | ||
| 003 | IN_TiNIC | ||
| 005 | 20260116011712.0 | ||
| 008 | 050524s1978 bana grp 000 0 eng | ||
| 020 |
_a _c12 |
||
| 082 | 0 | 0 |
_a270 _bEVE |
| 100 | _aEvery, George | ||
| 245 | _aUnderstanding Eastern Christianity | ||
| 260 |
_aBangalore _bDharmaram Publications _c1978 |
||
| 300 | _a136p | ||
| 500 | _aincludes index and biblioraphy | ||
| 505 | 2 | _aIndex | |
| 650 | _aChurch-History Eastern | ||
| 700 | 1 | _aEvery, George | |
| 902 | _bSRS | ||
| 942 | _cBK | ||
| 999 |
_c3465 _d3465 |
||